Uno y otro /

Guardado en:
Autor Principal: Wernicke, María
Formato: Libro
Publicado: Buenos Aires : Calibroscopio, 2013
Series:Colección líneas de arena
Materias:
Etiquetas: Agregar Etiqueta
Sin Etiquetas, Sea el primero en etiquetar este registro!
LEADER 00807nam a22002415a 4500
001 CEM.cems014370
008 130507s2013##################000#0#####d
005 20241028172705.0
245 1 0 |a Uno y otro /  |c María Wernicke 
260 |a Buenos Aires :  |b Calibroscopio,  |c 2013 
300 |a 32 p. 
490 0 |a Colección líneas de arena 
500 |a Edición especial del Ministerio de Educación. 
020 |a 9789871801404 
100 1 |a Wernicke, María 
082 0 4 |a A868.4 
653 |a Literatura 
653 |a Literatura argentina 
653 |a Literatura infantil 
653 |a Narrativa argentina 
653 |a Ministerio de educación-colección literaria 
859 |a CEMS  |b BIB. CEMS - Inicial y Primaria  |h A868.4  |i W496  |k IP  |p 5475  |t Ej.1 
859 |a CEMS  |b BIB. CEMS - 11 de abril  |h A868.4  |i W496  |p 26824.14  |t Ej.1